Ross and Wilson Anatomy and physiology in health and illness . / (Record no. 5796)
[ view plain ]
| 000 -LEADER | |
|---|---|
| fixed length control field | 00682nam a22001817a 4500 |
| 008 - FIXED-LENGTH DATA ELEMENTS--GENERAL INFORMATION | |
| fixed length control field | 151029b xxu||||| |||| 00| 0 eng d |
| 020 ## - INTERNATIONAL STANDARD BOOK NUMBER | |
| International Standard Book Number | 978 0443 1010 14 |
| 050 ## - LIBRARY OF CONGRESS CALL NUMBER | |
| Classification number | RT69.W384 |
| 100 ## - MAIN ENTRY--PERSONAL NAME | |
| Personal name | Waugh, Anne |
| 245 ## - TITLE STATEMENT | |
| Title | Ross and Wilson Anatomy and physiology in health and illness . / |
| Statement of responsibility, etc. | Anne Waugh and Allison Grant |
| 250 ## - EDITION STATEMENT | |
| Edition statement | 10th ed. |
| 260 ## - PUBLICATION, DISTRIBUTION, ETC. | |
| Place of publication, distribution, etc. | New York: |
| Name of publisher, distributor, etc. | Churchill Livingstone, |
| Date of publication, distribution, etc. | 2006 |
| 300 ## - PHYSICAL DESCRIPTION | |
| Extent | ix,490p.: |
| 500 ## - GENERAL NOTE | |
| General note | Includes bibliographical references and index. |
| 505 ## - FORMATTED CONTENTS NOTE | |
| Formatted contents note | Contents:The Body and its constituents -- Communication -- Intake of raw materials and elimination of waste -- Protection and survival. |
| 700 ## - ADDED ENTRY--PERSONAL NAME | |
| Personal name | Grant, Allison |
| 942 ## - ADDED ENTRY ELEMENTS (KOHA) | |
| Source of classification or shelving scheme | Library of Congress Classification |
| Koha item type | Books |
| Withdrawn status | Lost status | Source of classification or shelving scheme | Damaged status | Not for loan | Home library | Current library | Shelving location | Date acquired | Total Checkouts | Full call number | Barcode | Date last seen | Copy number | Price effective from | Koha item type |
|---|---|---|---|---|---|---|---|---|---|---|---|---|---|---|---|
| Library of Congress Classification | WISCONSIN INTERNATIONAL UNIVERSITY COLLEGE, GHANA - MAIN LIBRARY | WISCONSIN INTERNATIONAL UNIVERSITY COLLEGE, GHANA - MAIN LIBRARY | nursing | 29/10/2015 | RT69.W384 | NURS/193/15 | 29/10/2015 | 1 | 29/10/2015 | Books |
